00185nam a2200085Ia 4500008004100000041000800041100001400049245002700063260000900090230508s1997 xx 000 0 und d aeng aGARG H.P. aINDUSTRIAL MAINTENANCE c1997